000 01529nam a2200337 a 4500
001 BRCA_3281
005 20190320204213.0
008 130309s1858----enka---###---#000-0#eng-#
041 _aeng
044 _aenk
084 _a583
_b.R68
_c1858
100 1 _aCervantes Saavedra, Miguel de
_d1547-1616
_9213
245 1 0 _aAdventures of Don Quixote de la Mancha
_cTranslated from the Spanish of Miguel de Cervantes Saavedra by Charles Jarvis.
260 _aLondres : Nueva York
_bG. Routledge and Co.
_c1858
300 _a1 v. en 2 partes (vi, 605 p.)
_bil.
_c20 cm.
500 _aContenido : Primera parte. Prólogo del autor. Segunda parte. Prólogo del autor
500 _aEdición : A new Edition Illustrated by John Gilbert
500 _aTraducción de Jarvis, regularmente impresa y adornada con nuevas láminas de Gilbert quien contribuyo mucho a la popularización de la obra. Semipiel; lomera con adornos Lúdovik Osterc
500 _aEstado físico : Cubierta posterior desprendida y guarda maltratada
500 _aQM460
546 _aTexto en : inglés
650 1 4 _aNovela española
_yÉpoca clásica, 1500-1700
_9215
650 1 4 _aLiteratura española
_yÉpoca clásica, 1500-1700
_9216
650 1 4 _aNovela española
_ySiglo XVII
_9217
650 1 4 _aDon Quijote (Personaje ficticio)
_eNovela
_9218
700 1 _aJarvis, Charles
_d?-1739
_eTraductor
_98697
700 1 _aGilbert, John
_d1817-1897
_eIlustrador
_98698
740 0 _aEl Ingenioso Hidalgo Don Quijote de la Mancha
902 _aQFM
942 _2lcc
_cB
999 _c3017
_d3017